Statistics for 3-Letter Scrabble Words that start with "K"

Click here to take the quiz!

General Stats

  • This quiz has been taken 242 times
  • The average score is 22 of 29

Answer Stats

Answer% Correct
kit
95%
key
93%
kin
92%
kat
90%
kab
89%
ken
89%
kip
89%
kid
87%
keg
87%
kas
85%
kis
84%
kay
84%
kae
83%
kir
81%
kep
81%
kea
78%
kop
78%
kaf
77%
kef
75%
koi
74%
kex
72%
kob
72%
kif
68%
kos
68%
kor
67%
koa
64%
kue
52%
kye
45%
khi
42%

Score Distribution

Percentile by Number Answered

Percent of People with Each Score

Your Score History

You have not taken this quiz